|
|
|
|
| LEADER |
01153nam a22003012a 4500 |
| 001 |
001727737 |
| 003 |
CZ BrMZK |
| 005 |
20210127132111.0 |
| 007 |
ta |
| 008 |
200130s1968 xr er|||||||||||cze d |
| 040 |
|
|
|a CBA001
|b cze
|d BOA001
|
| 041 |
0 |
|
|a cze
|a vie
|
| 100 |
1 |
|
|a Tahal, Karel
|7 jk01132009
|4 aut
|
| 245 |
1 |
0 |
|a Učebnice češtiny pro Vietnamce :
|b překlady textů audioorálního kursu /
|c Karel Tahal, Mária Hrodková
|
| 250 |
|
|
|a 1/1 vyd.
|
| 260 |
|
|
|a Praha :
|b Státní pedagogické nakladatelství,
|c 1968
|
| 300 |
|
|
|a 12 s.
|
| 490 |
1 |
|
|a Učební texty vysokých škol
|
| 550 |
|
|
|a Vydavatel: Univerzita 17. listopadu v Praze
|
| 655 |
|
7 |
|a učebnice vysokých škol
|7 fd133772
|2 czenas
|
| 700 |
1 |
|
|a Hrodková, Mária
|7 jx20040618013
|4 aut
|
| 710 |
2 |
|
|a Univerzita 17. listopadu
|7 kn20050331021
|
| 830 |
|
0 |
|a Učební texty vysokých škol (SPN)
|0 s
|
| 910 |
|
|
|a BOA001
|b X2-0582.175-68
|
| 990 |
|
|
|a BK
|
| 991 |
|
|
|b 202001
|
| 996 |
6 |
|
|b 2618844792
|c X2-0582.175-68
|l MZK
|r Sklad / do 24 hodin
|n 0
|w 001779151
|u 000020
|a 1
|e BOA001
|j MZK50
|s P
|
| 996 |
7 |
|
|b 2618844793
|c X2-0582.175-68
|l MZK
|r Sklad / do 24 hodin
|n 0
|w 001779151
|u 000010
|a 1
|e BOA001
|j MZK50
|s A
|